000 00674nam a2200241 i 4500
001 C2-0308885
003 PPAK
005 20180728095812.0
008 110518s2008 my |||| ||||| | may d
020 _a9789834392703
040 _aPPAK
_beng
_cPPAK
_erda
082 0 4 _a070.593
_223
090 0 0 _a070.593
_bNAZ
_dKMI
100 0 _aNazrul Samsudin,
_eauthor
245 1 0 _aBuit duit dengan terbit sendiri buku
264 1 _aRawang, Selangor :
_bMNS Infibiz Consultancy ,
_c2008
300 _axxii, 154 pages ;
_c23 cm
336 _2rdacontent
_atext
337 _2rdamedia
_aunmediated
338 _2rdacarrier
_avolume
650 1 0 _aSelf-publishing
942 _ddc
_cB
999 _c111453
_d111453